1942 1745 1621 1667 1573 1930 1142 1788 1015 1774 1136 1369 1419 1052 1877 1585 1802 1412 1534 1267 1370 1185 1852 1368 1241 1945 1144 1822 1863 1542 1041 1558 1456 1266 1048 1098 1729 1932 1257 1448 1441 1877 1707 1148 1574 1309 1818 1458 1837 1264 1257 1304 1646 1567 1535 1401 1408 1562 1976 1684 1401 1164 1860 1492 1347 1582 1117 1591 1121 1666 1174 1632 1344 1697 1905 1870 1374 1525 1657 1931 1772 1609 1398 1654 1359 1175 1387 1114 1001 1051 1192 1211 1956 1801 1753 1617 1244 1415 1426 BCNSPRNW ULIB Ver.6.0+V

เปลี่ยนเป็นภาษาไทย

Change to English
 แสดงรายละเอียดบรรณานุกรม
  กลับหน้าหลัก

Brief Record : Get Marc (ISO 2709) : E-mail record : QR code < ปิดหน้าต่าง
LEADER : 00000nam 2200000uu 4500
001    13399112327
003     ULIB
008    110627s2554||||th 000 0 tha d
020    9786167389332
090    นว.^bก333ส 2554
100 0  กษิรา
245 00 เสิร์ฟรักรสกาแฟ...Cup of love/^cกษิรา
260    กรุงเทพฯ :^bบีไมน์,^c2554
300    408 หน้า
710 1  บีไมน์
945    ^p260^l0^i030401
995    ทศพร
999 ^a ใช้งานได้ทุกระบบ
รายการนี้ยังไม่มีแท็ก
คุณยังไม่ได้ล็อกอิน คุณสามารถมีกิจกรรมร่วมกับเว็บไซต์ได้ แต่ต้องล็อกอินก่อน ::
  ล็อกอิน

รายการสื่อสารสนเทศ

ลำดับที่ ประเภท เลขเรียก/บาร์โค้ด สถานที่ สถานะ
- ไม่พบข้อมูล -

BibComment


ยังไม่เคยถูกคอมเมนท์

คอมเมนท์ทรัพยากรรายการนี้
  คอมเมนท์: เสิร์ฟรักรสกาแฟCu..


 Copyright 2026. Bcnsprnw @Library